Statistics for Countries on the Equator

Click here to take the quiz!

General Stats

  • This quiz has been taken 19 times
  • The average score is 11 of 13

Answer Stats

Country% Correct
Brazil
94%
Colombia
94%
Ecuador
94%
Indonesia
94%
Republic of the Congo
94%
Gabon
89%
Kenya
83%
Uganda
83%
Somalia
78%
Kiribati
67%
Sao Tome and Principe
67%
Maldives
61%
Democratic Republic of the Congo
50%

Score Distribution

Percentile by Number Answered

Percent of People with Each Score

Your Score History

You have not taken this quiz